Accountants' professional negligence : developments in legal liability /
Saved in:
| Main Author: | |
|---|---|
| Format: | Book |
| Language: | English |
| Published: |
New York, N.Y. :
Holmes & Meier Publishers,
c1982.
|
| Subjects: | |
| Tags: |
Add Tag
No Tags, Be the first to tag this record!
|
| LEADER | 01060nam a2200289 a 4500 | ||
|---|---|---|---|
| 001 | 001059699-2 | ||
| 005 | 20020606090541.3 | ||
| 008 | 830328s1982 nyua b 00110 eng | ||
| 010 | |a 82172984 | ||
| 020 | |a 0333278453 | ||
| 035 | 1 | |a MAHL83B1675 | |
| 035 | 0 | |a ocm09194470 | |
| 040 | |a DLC |c DLC | ||
| 043 | |a n-us--- |a e-uk--- | ||
| 050 | 0 | 4 | |a K4375.A22 |b P63 1982 |
| 100 | 1 | |a Pockson, Jonathan R. H. H. | |
| 245 | 1 | 0 | |a Accountants' professional negligence : |b developments in legal liability / |c Jonathan R.H.H. Pockson. |
| 260 | 0 | |a New York, N.Y. : |b Holmes & Meier Publishers, |c c1982. | |
| 300 | |a xx, 212 p. : |b ill. ; |c 23 cm. | ||
| 500 | |a Publisher from label on t.p. | ||
| 500 | |a Includes index. | ||
| 504 | |a Bibliography: p. [192]-208. | ||
| 650 | 0 | |a Accountants |x Malpractice |z United States. | |
| 650 | 0 | |a Accountants |x Malpractice |z Great Britain. | |
| 776 | 0 | 8 | |i Online version: |a Pockson, Jonathan R. H. H. |t Accountants' professional negligence. |d New York, N.Y. : Holmes & Meier Publishers, ©1982 |w (OCoLC)891412320 |
| 988 | |a 20020608 | ||
| 906 | |0 DLC | ||


